| 000 | 00471nam a22001697a 4500 | ||
|---|---|---|---|
| 003 | OSt | ||
| 005 | 20260430023122.0 | ||
| 008 | 260430b |||||||| |||| 00| 0 eng d | ||
| 020 | _a971-8837-25-6. | ||
| 040 |
_aDWC-Main Lib. _cOC |
||
| 082 | _aRes. 808.53 L959m 1999 | ||
| 100 | _aLozano, R. S. | ||
| 245 |
_aMunting aklat ng mga tula at balagtasan 2/ _cR. S. Lozano |
||
| 260 | _bRSO Trading | ||
| 300 |
_a104 p. ; _c18 cm. |
||
| 942 |
_2ddc _cBK-0 CIRC _hRes. _n0 |
||
| 999 |
_c10080 _d10080 |
||